000 00412nam a2200181Ia 4500
005 20250603144706.0
008 250603s9999 xx 000 0 und d
020 _a023063687X
050 _aQA 76.9.A73 .H47/
100 _aHerber, K. M.
245 0 _aComputer architecture
260 _aNew Delhi
260 _bMacmillan Publ.
260 _c2009
300 _a350 p
650 _aNew Delhi
942 _cBK
999 _c39670
_d39670